[Event "NAYCC U10"]
[Site "Montreal CAN"]
[Date "2010.08.17"]
[Round "4"]
[White "Fan, Run Kun"]
[Black "Zimmermann, Eric"]
[Result "1-0"]
[WhiteElo "1174"]
[BlackElo "676"]
[PlyCount "83"]
[EventDate "2010.08.16"]
[EventType "swiss"]
[EventRounds "7"]
[EventCountry "CAN"]

1. e4 e5 2. Nf3 Nc6 3. Bb5 d6 4. O-O Bg4 5. c3 Nf6 6. Re1 Be7 7. d4 Bxf3 8.
Qxf3 O-O 9. Be3 a6 10. Bxc6 bxc6 11. Nd2 Rb8 12. Rab1 c5 13. dxe5 dxe5 14. Qg3
Bd6 15. Bh6 Nh5 16. Qg5 Qxg5 17. Bxg5 h6 18. Be3 Rfd8 19. Nc4 Nf6 20. f3 Ne8
21. Nxd6 cxd6 22. c4 Rb4 23. b3 Rbb8 24. Red1 f6 25. Rd3 Nc7 26. Rbd1 Ne8 27.
Bd2 Rbc8 28. Be3 Rd7 29. Kf2 Rdd8 30. Ke2 g6 31. h4 h5 32. Rd5 Rb8 33. Bxc5
dxc5 34. Rxd8 Rxd8 35. Rxd8 Kf8 36. Ra8 Kf7 37. Rxa6 f5 38. exf5 gxf5 39. Ra5
e4 40. Rxc5 exf3+ 41. Kxf3 Kg6 42. a4 1-0

[Event "NAYCC U10"]
[Site "Montreal CAN"]
[Date "2010.08.17"]
[Round "4"]
[White "Fernandez, Jorge Carlo"]
[Black "Wang, Eric"]
[Result "0-1"]
[WhiteElo "544"]
[BlackElo "933"]
[PlyCount "106"]
[EventDate "2010.08.16"]
[EventType "swiss"]
[EventRounds "7"]
[EventCountry "CAN"]

1. d4 Nf6 2. Nf3 d5 3. Nc3 c5 4. dxc5 Na6 5. Bg5 Nxc5 6. e3 e6 7. Bb5+ Bd7 8.
Bxd7+ Qxd7 9. O-O Be7 10. Ne5 Qc7 11. Nb5 Qd8 12. Bf4 O-O 13. b4 Ncd7 14. Nd3
a6 15. Nc7 Rc8 16. Qd2 Rxc7 17. Bxc7 Qxc7 18. Nf4 Nb6 19. Qd3 Qc4 20. Qxc4 Nxc4
21. Rfe1 b5 22. c3 Rc8 23. Rac1 h6 24. Nd3 Nb6 25. Ne5 Bd6 26. Nd3 Na4 27. Nc5
Bxc5 28. bxc5 Rxc5 29. c4 Nb2 30. f3 Nd3 31. Rf1 Nxc1 32. Rxc1 Rxc4 33. Rd1 Rc2
34. h3 Rxa2 35. Rc1 Kf8 36. Rc8+ Ke7 37. Rc7+ Nd7 38. Ra7 a5 39. f4 a4 40. Kf1
b4 41. Ke1 b3 42. Kd1 Ra1+ 43. Kd2 b2 44. Rb7 b1=Q 45. Rxb1 Rxb1 46. Kc2 Rb8
47. g4 a3 48. Kd2 a2 49. Ke2 a1=Q 50. Kf2 Rb2+ 51. Kg3 Qg1+ 52. Kh4 Nf6 53. g5
Qe1# 0-1

[Event "NAYCC U10"]
[Site "Montreal CAN"]
[Date "2010.08.17"]
[Round "4"]
[White "Gariaev, Gleb"]
[Black "Yip, William"]
[Result "1-0"]
[WhiteElo "829"]
[BlackElo "1286"]
[PlyCount "111"]
[EventDate "2010.08.16"]
[EventType "swiss"]
[EventRounds "7"]
[EventCountry "CAN"]

1. d4 d5 2. c4 e6 3. Nc3 Nf6 4. Nf3 Bb4 5. Bd2 O-O 6. a3 Bxc3 7. Bxc3 Nc6 8. e3
Ne4 9. Rc1 Nxc3 10. Rxc3 Bd7 11. cxd5 exd5 12. Bd3 Qf6 13. O-O Bf5 14. Bxf5
Qxf5 15. Qb3 Rab8 16. Re1 Rfe8 17. Rc5 Red8 18. e4 Qf6 19. e5 Qf5 20. Rxd5 Rxd5
21. Qxd5 Rd8 22. Qe4 Qxe4 23. Rxe4 Re8 24. d5 Nd8 25. Nd4 f6 26. e6 c6 27. e7
Nf7 28. dxc6 bxc6 29. Nxc6 Nd6 30. Rd4 Nb7 31. Rd8 Nxd8 32. exd8=Q Rxd8 33.
Nxd8 Kf8 34. Nc6 a6 35. b4 g5 36. f3 h5 37. Nb8 f5 38. Nxa6 g4 39. b5 Ke7 40.
b6 gxf3 41. b7 fxg2 42. b8=Q f4 43. Qe5+ Kd7 44. Qxh5 f3 45. Qd5+ Kc8 46. Nc5
Kc7 47. Ne6+ Kc8 48. Qxf3 Kd7 49. Qf7+ Kc6 50. Nd4+ Kc5 51. Nb3+ Kb5 52. Qd5+
Ka4 53. Qc4+ Kxa3 54. Nd4 Kb2 55. Qc2+ Ka3 56. Qb3# 1-0

[Event "NAYCC U10"]
[Site "Montreal CAN"]
[Date "2010.08.17"]
[Round "4"]
[White "Ju, Terrence"]
[Black "Matlin, Daniel"]
[Result "0-1"]
[WhiteElo "940"]
[BlackElo "919"]
[PlyCount "48"]
[EventDate "2010.08.16"]
[EventType "swiss"]
[EventRounds "7"]
[EventCountry "CAN"]

1. d4 d5 2. c4 Be6 3. Nc3 Nf6 4. b3 g6 5. Bg5 Bg7 6. Bxf6 Bxf6 7. Nf3 dxc4 8.
bxc4 Bxc4 9. Qa4+ b5 10. Nxb5 Bxb5 11. Qxb5+ c6 12. Qa4 Nd7 13. Qxc6 O-O 14.
Rd1 Qa5+ 15. Rd2 Rab8 16. Qe4 Rbc8 17. Qb1 Rb8 18. Qd1 g5 19. g4 Nc5 20. dxc5
Bc3 21. Bg2 Rfd8 22. c6 Bxd2+ 23. Nxd2 Rxd2 24. Qxd2 Rb1# 0-1

[Event "NAYCC U10"]
[Site "Montreal CAN"]
[Date "2010.08.17"]
[Round "4"]
[White "Lu, Albert"]
[Black "Gugel, Brett"]
[Result "1/2-1/2"]
[WhiteElo "1849"]
[BlackElo "1352"]
[PlyCount "59"]
[EventDate "2010.08.16"]
[EventType "swiss"]
[EventRounds "7"]
[EventCountry "CAN"]

1. e4 d6 2. d4 Nf6 3. Nc3 Nbd7 4. Nf3 e5 5. dxe5 dxe5 6. Bc4 Be7 7. O-O O-O 8.
Be3 c6 9. Qe2 Qc7 10. a3 Nc5 11. Nd2 Be6 12. Bxc5 Bxc5 13. Bxe6 fxe6 14. Qc4
Qe7 15. Nb3 Bb6 16. h3 Nh5 17. Na4 Nf4 18. Nxb6 axb6 19. Kh2 Rf6 20. g3 Ng6 21.
Nc1 Raf8 22. Nd3 Rd8 23. Qc3 Rf3 24. Qe1 Qg5 25. Qe2 Rdf8 26. Ne1 R3f7 27. Rd1
Qe7 28. Nd3 Rf3 29. Kg2 Qg5 30. Qd2 1/2-1/2

[Event "NAYCC U10"]
[Site "Montreal CAN"]
[Date "2010.08.17"]
[Round "4"]
[White "Miyasaka, Matthew"]
[Black "Robichaud, Alexandre"]
[Result "1-0"]
[WhiteElo "1472"]
[BlackElo "1146"]
[PlyCount "49"]
[EventDate "2010.08.16"]
[EventType "swiss"]
[EventRounds "7"]
[EventCountry "CAN"]

1. e4 c5 2. Nf3 e6 3. d4 cxd4 4. Nxd4 Nc6 5. Nc3 a6 6. Be2 Nf6 7. Bg5 Be7 8.
O-O O-O 9. Bc4 d6 10. Nxc6 bxc6 11. Qf3 e5 12. Rad1 Be6 13. Bxe6 fxe6 14. Qh3
Qd7 15. Na4 Rfb8 16. Nc5 Qc8 17. Nxe6 Rxb2 18. Bxf6 Bxf6 19. Rxd6 Rxc2 20. Qb3
Qb8 21. Ng5+ Kh8 22. Nf7+ Kg8 23. Rd8+ Bxd8 24. Nh6+ Kh8 25. Qg8# 1-0

[Event "NAYCC U10"]
[Site "Montreal CAN"]
[Date "2010.08.17"]
[Round "4"]
[White "Saine, Zachary"]
[Black "Aghamalian, Derick"]
[Result "0-1"]
[WhiteElo "1120"]
[BlackElo "1373"]
[PlyCount "46"]
[EventDate "2010.08.16"]
[EventType "swiss"]
[EventRounds "7"]
[EventCountry "CAN"]

1. e4 e5 2. Nf3 Nc6 3. Bc4 Bc5 4. O-O d6 5. d3 Nf6 6. Bg5 h6 7. Bh4 g5 8. Bg3
Bg4 9. Nbd2 Qd7 10. h3 Bh5 11. Bb5 g4 12. hxg4 Qxg4 13. Bh4 Nh7 14. Re1 Ng5 15.
Bxg5 hxg5 16. Nf1 Qf4 17. N1h2 Qf6 18. Rf1 Qh6 19. g4 Bxg4 20. Bxc6+ bxc6 21.
Kg2 Qh3+ 22. Kg1 Bxf3 23. Qxf3 Qxh2# 0-1

[Event "NAYCC U10"]
[Site "Montreal CAN"]
[Date "2010.08.17"]
[Round "4"]
[White "Sowa, Ryan"]
[Black "Kubrynski, Daniel"]
[Result "1-0"]
[WhiteElo "1057"]
[BlackElo "882"]
[PlyCount "73"]
[EventDate "2010.08.16"]
[EventType "swiss"]
[EventRounds "7"]
[EventCountry "CAN"]

1. d4 d5 2. c4 dxc4 3. e4 h6 4. Bxc4 b6 5. Nf3 Bg4 6. Be3 Bxf3 7. Qxf3 e6 8.
O-O Be7 9. d5 Nf6 10. dxe6 fxe6 11. Bxe6 Qd6 12. Qf5 Nbd7 13. Nc3 O-O-O 14.
Rad1 Qc6 15. b4 a6 16. Rd3 g6 17. Qh3 Kb8 18. Bxd7 Nxd7 19. Rfd1 Kc8 20. Nd5
Rhe8 21. Nxb6+ cxb6 22. Rc1 Bc5 23. Bxc5 Kb8 24. Bd6+ Kb7 25. Rxc6 Kxc6 26. Qf3
Re6 27. e5+ Kb5 28. Qd5+ Ka4 29. Qxe6 Rc8 30. h3 Rd8 31. Bc7 Nf8 32. Qb3+ Kb5
33. Rxd8 Ne6 34. g4 Kc6 35. Qxe6+ Kxc7 36. Rd7+ Kc8 37. Qe8# 1-0

[Event "NAYCC U10"]
[Site "Montreal CAN"]
[Date "2010.08.17"]
[Round "4"]
[White "Sun, Benjamin"]
[Black "Yang, Eddie"]
[Result "1-0"]
[WhiteElo "1289"]
[BlackElo "1054"]
[PlyCount "133"]
[EventDate "2010.08.16"]
[EventType "swiss"]
[EventRounds "7"]
[EventCountry "CAN"]

1. e4 c5 2. Nf3 e6 3. d4 cxd4 4. Nxd4 Nc6 5. Nc3 a6 6. a3 Nf6 7. Be2 h6 8. O-O
Be7 9. Nxc6 bxc6 10. e5 Nd5 11. Nxd5 cxd5 12. b4 O-O 13. Bf3 Rb8 14. Be2 Bg5
15. f4 Qb6+ 16. Kh1 Bh4 17. Bd3 Bf2 18. Qf3 Bd4 19. Rb1 a5 20. Qg3 d6 21. f5
Bxe5 22. Qg4 Qd4 23. Qxd4 Bxd4 24. Bf4 Rd8 25. bxa5 Bd7 26. Rxb8 Rxb8 27. Bxd6
Ra8 28. Bb4 Bf6 29. Be2 exf5 30. Rd1 Bc6 31. Bf3 Ba4 32. Bxd5 Rd8 33. Bf3 Bxc2
34. Rxd8+ Bxd8 35. a6 Bb6 36. g3 Bd3 37. Bb7 g6 38. Kg2 Be4+ 39. Bxe4 fxe4 40.
a4 Ba7 41. Bd6 Kg7 42. a5 Kf6 43. Bc7 Ke6 44. Bb6 Bb8 45. a7 Bxa7 46. Bxa7 Kd6
47. Be3 Kc7 48. a6 Kc6 49. a7 Kb7 50. h4 f5 51. Kf2 g5 52. hxg5 hxg5 53. Bxg5
Kxa7 54. Ke3 Kb6 55. Kf4 Kc5 56. Kxf5 Kd5 57. Be3 Kd6 58. Kf6 Kd7 59. Kf7 Kd6
60. g4 Ke5 61. g5 Kf5 62. g6 Kg4 63. g7 Kf3 64. Bd4 e3 65. Bxe3 Kxe3 66. g8=Q
Ke4 67. Qg5 1-0

[Event "NAYCC U10"]
[Site "Montreal CAN"]
[Date "2010.08.17"]
[Round "4"]
[White "Tanenbaum, Zachary"]
[Black "Xiong, Jeffery"]
[Result "0-1"]
[WhiteElo "1684"]
[BlackElo "2137"]
[PlyCount "108"]
[EventDate "2010.08.16"]
[EventType "swiss"]
[EventRounds "7"]
[EventCountry "CAN"]

1. e4 c5 2. Nf3 e6 3. Nc3 Nc6 4. d4 cxd4 5. Nxd4 Nf6 6. Be3 Bb4 7. Nxc6 bxc6 8.
e5 Nd5 9. Bd2 Qh4 10. Nxd5 cxd5 11. c3 Bc5 12. Qf3 Rb8 13. b4 Bb6 14. Bd3 Bb7
15. O-O d4 16. Qe2 dxc3 17. Bxc3 O-O 18. Rfd1 Rbc8 19. Rac1 h6 20. Bb5 Qg5 21.
Qf1 Bf3 22. Be2 Bd5 23. a3 Rc7 24. Ba6 h5 25. Kh1 h4 26. f4 Qh6 27. h3 Qg6 28.
f5 Qg3 29. Rxd5 exd5 30. Bb2 Rxc1 31. Qxc1 Be3 32. Qa1 Bf4 33. Qg1 Bxe5 34.
Bxe5 Qxe5 35. Qxa7 Re8 36. Qf2 Qg3 37. Kg1 Qxa3 38. b5 Qc1+ 39. Kh2 Re1 40.
Qxh4 Qc7+ 41. Qg3 Rh1+ 42. Kxh1 Qxg3 43. b6 d4 44. b7 Qb8 45. Kg1 Kf8 46. Kf1
Ke7 47. Ke2 Kd6 48. Kd3 Kc5 49. g4 Kb6 50. Bc4 Qxb7 51. Kxd4 f6 52. h4 Qc7 53.
g5 Qf4+ 54. Kd5 Qe5# 0-1

[Event "NAYCC U10"]
[Site "Montreal CAN"]
[Date "2010.08.17"]
[Round "4"]
[White "Vaillant, Charles-Etienne"]
[Black "Matlin, Michael"]
[Result "0-1"]
[WhiteElo "1097"]
[BlackElo "419"]
[PlyCount "106"]
[EventDate "2010.08.16"]
[EventType "swiss"]
[EventRounds "7"]
[EventCountry "CAN"]

1. e4 c6 2. d4 d5 3. e5 Bf5 4. Nc3 e6 5. Nf3 c5 6. Bb5+ Nd7 7. Bg5 Be7 8. Bf4
a6 9. Bd3 c4 10. Bxf5 exf5 11. Nxd5 Bf8 12. Bg5 f6 13. exf6 gxf6 14. Bf4 Rc8
15. Qe2+ Be7 16. Bd6 Rc6 17. Nxe7 Nxe7 18. Bxe7 Qxe7 19. Qxe7+ Kxe7 20. O-O-O
Re8 21. d5 Rb6 22. Rhe1+ Ne5 23. Nxe5 fxe5 24. Rxe5+ Kd7 25. Rxe8 Kxe8 26. Re1+
Kd7 27. h4 Rd6 28. Rd1 Kc7 29. b4 Kb6 30. c3 a5 31. a3 Rd7 32. Rd4 Kb5 33. Kd2
f4 34. g3 f3 35. Ke3 Rd8 36. Kxf3 b6 37. g4 Ka4 38. d6 Kb3 39. d7 Kxc3 40. Ke3
Kb3 41. Ke4 c3 42. Kd3 c2 43. Rc4 Rxd7+ 44. Ke2 Kxc4 45. bxa5 bxa5 46. a4 c1=Q
47. f4 Qxf4 48. g5 Qxh4 49. g6 hxg6 50. Ke3 Rd3+ 51. Ke2 Qh2+ 52. Ke1 Qc2 53.
Kf1 Rd1# 0-1

[Event "NAYCC U10"]
[Site "Montreal CAN"]
[Date "2010.08.17"]
[Round "4"]
[White "Wan, Kevin"]
[Black "Zhang, Jeff"]
[Result "1-0"]
[WhiteElo "1385"]
[BlackElo "1107"]
[PlyCount "61"]
[EventDate "2010.08.16"]
[EventType "swiss"]
[EventRounds "7"]
[EventCountry "CAN"]

1. e4 c5 2. Nc3 Nc6 3. f4 d6 4. Nf3 Bg4 5. Be2 Nf6 6. d3 g6 7. Be3 Bg7 8. O-O
O-O 9. h3 Be6 10. d4 cxd4 11. Nxd4 Bd7 12. f5 Qc8 13. Nxc6 Qxc6 14. Bf3 Qc7 15.
fxg6 hxg6 16. Rb1 b5 17. e5 dxe5 18. Bxa8 Rxa8 19. Nd5 Nxd5 20. Qxd5 Bc6 21.
Qxf7+ Kh7 22. Bg5 Re8 23. Bf6 Rg8 24. Qxe7 Qb6+ 25. Kh2 Qe3 26. Bxg7 Rxg7 27.
Qh4+ Kg8 28. Rbd1 Rd7 29. Qf6 Qh6 30. Rxd7 Bxd7 31. Qd8+ 1-0

[Event "NAYCC U10"]
[Site "Montreal CAN"]
[Date "2010.08.17"]
[Round "4"]
[White "Zhang, Kevin"]
[Black "Ait-Chabane, Adam"]
[Result "0-1"]
[WhiteElo "957"]
[BlackElo "951"]
[PlyCount "106"]
[EventDate "2010.08.16"]
[EventType "swiss"]
[EventRounds "7"]
[EventCountry "CAN"]

1. e4 e5 2. d4 exd4 3. Qxd4 Nc6 4. Qd1 Nf6 5. Nc3 Bb4 6. Nge2 Nxe4 7. Bd2 Nxd2
8. Qxd2 Bxc3 9. Nxc3 d6 10. Qe2+ Qe7 11. Qxe7+ Nxe7 12. Be2 O-O 13. O-O Ng6 14.
Nd5 c6 15. Nc7 Rb8 16. Rae1 Bf5 17. Bd1 Rbc8 18. g4 Bd7 19. Na6 bxa6 20. b4 Rb8
21. c3 c5 22. a3 Bb5 23. Be2 Bxe2 24. Rxe2 Rfe8 25. Rxe8+ Rxe8 26. bxc5 dxc5
27. c4 Ne5 28. Re1 Kf8 29. Kg2 Nxc4 30. Rc1 Re4 31. f3 Rd4 32. a4 Ke7 33. Re1+
Kd6 34. Kf2 Ne5 35. Ke3 Rxa4 36. Rd1+ Rd4 37. Rxd4+ cxd4+ 38. Kxd4 Nxf3+ 39.
Ke4 Nxh2 40. Kf4 a5 41. g5 a4 42. Kf5 a3 43. g6 fxg6+ 44. Kg5 h6+ 45. Kh4 Ng4
46. Kxg4 h5+ 47. Kg5 a2 48. Kh4 g5+ 49. Kxg5 a1=Q 50. Kxh5 Qg1 51. Kh4 Ke5 52.
Kh5 Kf5 53. Kh4 Qg4# 0-1

[Event "NAYCC U10"]
[Site "Montreal CAN"]
[Date "2010.08.17"]
[Round "4"]
[White "Zhao, Frederick"]
[Black "Satir, Ege Nur"]
[Result "1-0"]
[WhiteElo "1350"]
[BlackElo "1108"]
[PlyCount "143"]
[EventDate "2010.08.16"]
[EventType "swiss"]
[EventRounds "7"]
[EventCountry "CAN"]

1. e4 e5 2. Nf3 Nc6 3. d4 exd4 4. Nxd4 Nxd4 5. Qxd4 d6 6. Bc4 Be6 7. Bxe6 fxe6
8. Nc3 Qd7 9. O-O Nf6 10. Re1 e5 11. Qd3 Be7 12. Nd5 O-O 13. Nxf6+ Bxf6 14.
Qd5+ Qf7 15. Qxf7+ Rxf7 16. Be3 b6 17. Rad1 Rd8 18. Rd3 c6 19. Red1 Rfd7 20. c4
c5 21. Kf1 Kf7 22. Ke2 Ke6 23. f3 Rc8 24. b3 Rc6 25. Rd5 Be7 26. g3 g5 27. f4
gxf4 28. gxf4 exf4 29. Bxf4 Rcc7 30. Ke3 Bf6 31. Rxd6+ Ke7 32. Rxd7+ Rxd7 33.
Rxd7+ Kxd7 34. e5 Bg7 35. Ke4 Ke6 36. h3 h5 37. h4 Bh8 38. a3 a5 39. a4 Bg7 40.
Bg5 Bxe5 41. Bd8 Bf6 42. Bxf6 Kxf6 43. Kd5 Kf5 44. Kc6 Kg4 45. Kxb6 Kxh4 46.
Kxc5 Kg4 47. Kb5 h4 48. c5 h3 49. c6 h2 50. c7 h1=Q 51. c8=Q+ Kg3 52. Qc7+ Kf2
53. Qc5+ Kg3 54. Qe3+ Kg4 55. Kxa5 Qd5+ 56. Kb4 Qd6+ 57. Qc5 Qd2+ 58. Ka3 Qe1
59. Qb4+ Qxb4+ 60. Kxb4 Kf5 61. a5 Ke6 62. a6 Kd7 63. a7 Kc7 64. a8=Q Kb6 65.
Kc4 Kc7 66. b4 Kd6 67. b5 Kc7 68. Qc6+ Kb8 69. Qd7 Ka8 70. b6 Kb8 71. Qc7+ Ka8
72. Qa7# 1-0

[Event "NAYCC U10"]
[Site "Montreal CAN"]
[Date "2010.08.18"]
[Round "5"]
[White "Fernandez, Jorge Carlo"]
[Black "Ju, Terrence"]
[Result "0-1"]
[WhiteElo "544"]
[BlackElo "940"]
[PlyCount "74"]
[EventDate "2010.08.16"]
[EventType "swiss"]
[EventRounds "7"]
[EventCountry "CAN"]

1. Nf3 d5 2. Nc3 Nc6 3. d4 Bg4 4. e3 Nf6 5. Bb5 Ne4 6. O-O a6 7. Bxc6+ bxc6 8.
Bd2 Bxf3 9. Qxf3 Nxd2 10. Qe2 Nxf1 11. Rxf1 e6 12. b4 Bxb4 13. Nd1 O-O 14. Qg4
Bd6 15. f4 f5 16. Qh4 Qxh4 17. g3 Qh3 18. Nf2 Qxf1+ 19. Kxf1 Rab8 20. Kg2 Rb2
21. g4 fxg4 22. Nxg4 Rxc2+ 23. Nf2 Rxa2 24. Kf3 Rxf2+ 25. Kxf2 Bxf4 26. exf4
Rxf4+ 27. Kg3 Rxd4 28. Kf3 a5 29. Ke3 c5 30. h4 a4 31. h5 a3 32. h6 gxh6 33.
Kf3 a2 34. Kg3 a1=Q 35. Kh3 Qc3+ 36. Kh2 Rd2+ 37. Kh1 Qc1# 0-1

[Event "NAYCC U10"]
[Site "Montreal CAN"]
[Date "2010.08.18"]
[Round "5"]
[White "Kubrynski, Daniel"]
[Black "Vaillant, Charles-Etienne"]
[Result "1/2-1/2"]
[WhiteElo "882"]
[BlackElo "1097"]
[PlyCount "58"]
[EventDate "2010.08.16"]
[EventType "swiss"]
[EventRounds "7"]
[EventCountry "CAN"]

1. e4 e5 2. Nf3 Nc6 3. Bb5 a6 4. Bxc6 dxc6 5. O-O Bg4 6. h3 Bh5 7. Nc3 Nf6 8.
d3 Bc5 9. Bg5 h6 10. Bxf6 gxf6 11. Na4 Bd4 12. c3 Bb6 13. Nxb6 cxb6 14. g4 Rg8
15. Kh1 Bg6 16. Rg1 Qd7 17. Nh4 Bh5 18. Rg2 Bg6 19. Nxg6 Rxg6 20. Qf3 O-O-O 21.
Rag1 Qxd3 22. Qf5+ Kb8 23. Rg3 Qc2 24. Qf3 Qxb2 25. Qe3 Rd2 26. R3g2 Qc2 27. f3
Rxg2 28. Rxg2 Qb1+ 29. Kh2 Rg8 1/2-1/2

[Event "NAYCC U10"]
[Site "Montreal CAN"]
[Date "2010.08.18"]
[Round "5"]
[White "Lachance, Pierre-Alexis"]
[Black "Birbal, Alec"]
[Result "1-0"]
[WhiteElo "891"]
[BlackElo "614"]
[PlyCount "47"]
[EventDate "2010.08.16"]
[EventType "swiss"]
[EventRounds "7"]
[EventCountry "CAN"]

1. e4 d6 2. Nf3 Nf6 3. Nc3 d5 4. e5 Ng4 5. d4 f6 6. Be2 c5 7. O-O Qb6 8. h3 Nh6
9. Nxd5 Qd8 10. Bb5+ Nd7 11. Bxh6 gxh6 12. Re1 a6 13. e6 axb5 14. exd7+ Bxd7
15. dxc5 e6 16. Nb6 Rb8 17. Nxd7 Qxd7 18. Qxd7+ Kxd7 19. Rad1+ Kc7 20. b4 b6
21. Rxe6 Kb7 22. cxb6 Bg7 23. Rd7+ Ka8 24. Ra7# 1-0

[Event "NAYCC U10"]
[Site "Montreal CAN"]
[Date "2010.08.18"]
[Round "5"]
[White "Matlin, Daniel"]
[Black "Saine, Zachary"]
[Result "0-1"]
[WhiteElo "220"]
[BlackElo "1120"]
[PlyCount "74"]
[EventDate "2010.08.16"]
[EventType "swiss"]
[EventRounds "7"]
[EventCountry "CAN"]

1. e4 e5 2. Nc3 Nf6 3. f4 Nc6 4. Nf3 d6 5. Bd3 Be7 6. O-O O-O 7. Nd5 Bg4 8.
Nxf6+ Bxf6 9. h3 Bd7 10. b3 exf4 11. c3 Nb4 12. Bb1 d5 13. exd5 Nxd5 14. Qc2
Re8 15. Qxh7+ Kf8 16. Qh8+ Ke7 17. Re1+ Be6 18. Qh7 Qd6 19. Bf5 Kd7 20. c4 Bxa1
21. cxd5 Qxd5 22. Be4 Qc5+ 23. d4 Bxd4+ 24. Nxd4 Qxd4+ 25. Kf1 g6 26. Bxg6 Bc4+
27. bxc4 Qxc4+ 28. Bd3 Rxe1+ 29. Kxe1 Qxc1+ 30. Kf2 Qd2+ 31. Be2 Qe3+ 32. Ke1
Re8 33. Qxf7+ Kc8 34. Kf1 Qxe2+ 35. Kg1 Qe1+ 36. Kh2 Qg3+ 37. Kh1 Re1# 0-1

[Event "NAYCC U10"]
[Site "Montreal CAN"]
[Date "2010.08.18"]
[Round "5"]
[White "Matlin, Michael"]
[Black "Gariaev, Gleb"]
[Result "0-1"]
[WhiteElo "419"]
[BlackElo "829"]
[PlyCount "52"]
[EventDate "2010.08.16"]
[EventType "swiss"]
[EventRounds "7"]
[EventCountry "CAN"]

1. e4 c5 2. Nf3 Nc6 3. d4 cxd4 4. Nxd4 Nf6 5. Nc3 e5 6. Nxc6 bxc6 7. Bc4 d6 8.
b3 Qa5 9. Bb2 Nxe4 10. Qf3 d5 11. O-O Nxc3 12. Bxc3 Qc5 13. Qd3 dxc4 14. bxc4
Bd6 15. Rad1 Bc7 16. Qe2 O-O 17. Kh1 Ba6 18. Qg4 Bxc4 19. Rfe1 Be6 20. Qg3 f6
21. Rd3 e4 22. Rxe4 Bxg3 23. Rxe6 Be5 24. Bd2 Qxc2 25. g3 Qxd3 26. Ba5 Qf1# 0-1

[Event "NAYCC U10"]
[Site "Montreal CAN"]
[Date "2010.08.18"]
[Round "5"]
[White "Robichaud, Alexandre"]
[Black "Zhang, Kevin"]
[Result "1-0"]
[WhiteElo "1146"]
[BlackElo "957"]
[PlyCount "92"]
[EventDate "2010.08.16"]
[EventType "swiss"]
[EventRounds "7"]
[EventCountry "CAN"]

1. e4 e5 2. Nf3 Nc6 3. Bb5 d6 4. O-O Bg4 5. h3 Bh5 6. Be2 Nf6 7. Nc3 Be7 8. Re1
O-O 9. a3 d5 10. exd5 Nxd5 11. Nxd5 Qxd5 12. c4 Qd6 13. d3 Rad8 14. Be3 f5 15.
Qb3 f4 16. c5+ Qd5 17. Qxd5+ Rxd5 18. Bd2 Bxc5 19. d4 Bxf3 20. Bc4 Bxd4 21.
gxf3 Rfd8 22. Bxd5+ Rxd5 23. Bc3 Bxc3 24. bxc3 Rd3 25. Reb1 b6 26. Kg2 Ne7 27.
Re1 Ng6 28. Rad1 Rxc3 29. Rd8+ Kf7 30. Rd7+ Kf6 31. Ra1 a5 32. a4 Kg5 33. Rxg7
Kh6 34. Rd7 Nh4+ 35. Kf1 Nxf3 36. Rad1 Nd4 37. Rd5 Nc6 38. R5d3 Rc4 39. Rd7 Nd4
40. Re7 Rc5 41. Re1 Nc6 42. Rxc7 Kg6 43. h4 Nd4 44. Rxc5 bxc5 45. Rc1 Nb3 46.
Rb1 Nd4 1-0

[Event "NAYCC U10"]
[Site "Montreal CAN"]
[Date "2010.08.18"]
[Round "5"]
[White "Satir, Ege Nur"]
[Black "Yang, Eddie"]
[Result "0-1"]
[WhiteElo "1108"]
[BlackElo "1054"]
[PlyCount "58"]
[EventDate "2010.08.16"]
[EventType "swiss"]
[EventRounds "7"]
[EventCountry "CAN"]

1. e4 c5 2. Nf3 e6 3. c3 Nf6 4. e5 Nd5 5. d4 cxd4 6. cxd4 d6 7. exd6 Bxd6 8. g3
Nc6 9. Bg2 h6 10. O-O O-O 11. a3 Rb8 12. Qc2 Bd7 13. Nc3 Rc8 14. Qd3 Nxc3 15.
Qxc3 Nb4 16. Qb3 Nc2 17. Rb1 a6 18. Bd2 Bb5 19. Rfc1 Qd7 20. Qa2 Be7 21. Rd1
Be2 22. Rdc1 Bxf3 23. Bxf3 Nxd4 24. Bd1 Ne2+ 25. Bxe2 Qxd2 26. Rxc8 Rxc8 27.
Bf3 Rc2 28. Bxb7 Qxf2+ 29. Kh1 Qxh2# 0-1

[Event "NAYCC U10"]
[Site "Montreal CAN"]
[Date "2010.08.18"]
[Round "5"]
[White "Sun, Benjamin"]
[Black "Yip, William"]
[Result "1-0"]
[WhiteElo "1289"]
[BlackElo "1286"]
[PlyCount "93"]
[EventDate "2010.08.16"]
[EventType "swiss"]
[EventRounds "7"]
[EventCountry "CAN"]

1. e4 e5 2. Nf3 Nc6 3. Nc3 Nf6 4. d4 exd4 5. Nxd4 Bb4 6. Nxc6 dxc6 7. Qxd8+
Kxd8 8. Bg5 Ke7 9. e5 Bxc3+ 10. bxc3 Bf5 11. Bd3 Bg6 12. exf6+ gxf6 13. Bf4
Rac8 14. O-O Rcd8 15. Rfe1+ Kd7 16. Rad1 Kc8 17. Re7 Rde8 18. Rxc7+ Kb8 19.
Rxf7+ Ka8 20. Bxg6 hxg6 21. Rxf6 Re2 22. Rfd6 Ree8 23. Bg5 a6 24. Rd8+ Rxd8 25.
Rxd8+ Rxd8 26. Bxd8 Kb8 27. h4 Kc8 28. Bb6 Kd7 29. g4 Ke6 30. h5 gxh5 31. gxh5
Kf5 32. h6 Kg6 33. Be3 b5 34. f4 Kxh6 35. Kg2 Kg6 36. Kf3 Kf5 37. Bc5 a5 38. a3
a4 39. Bb4 Ke6 40. Ke4 Kf6 41. f5 Kf7 42. Ke5 Kg7 43. Ke6 Kg8 44. f6 Kh7 45. f7
Kg7 46. f8=Q+ Kg6 47. Be7 1-0

[Event "NAYCC U10"]
[Site "Montreal CAN"]
[Date "2010.08.18"]
[Round "5"]
[White "Tanenbaum, Zachary"]
[Black "Miyasaka, Matthew"]
[Result "0-1"]
[WhiteElo "1684"]
[BlackElo "1472"]
[PlyCount "102"]
[EventDate "2010.08.16"]
[EventType "swiss"]
[EventRounds "7"]
[EventCountry "CAN"]

1. e4 c5 2. Nf3 d6 3. d4 cxd4 4. Nxd4 Nf6 5. Nc3 g6 6. Be3 Bg7 7. f3 O-O 8. Qd2
Nc6 9. g4 Ne5 10. O-O-O Bd7 11. h4 h5 12. g5 Ne8 13. f4 Ng4 14. Bc4 Rc8 15. Bb3
Nxe3 16. Qxe3 Bg4 17. f5 Bxd1 18. fxg6 Bg4 19. gxf7+ Rxf7 20. g6 Nf6 21. gxf7+
Kh7 22. Ne6 Bxe6 23. Bxe6 Bh6 24. Qxh6+ Kxh6 25. Bxc8 Qxc8 26. Nd5 Nxd5 27.
exd5 Qf5 28. c4 Qxf7 29. b3 Qf4+ 30. Kb2 Qd4+ 31. Ka3 a5 32. Ka4 Qc5 33. a3 b6
34. Re1 Qc7 35. Re6+ Kg7 36. Kb5 Kf7 37. Rh6 Ke8 38. Rxh5 Kd7 39. Rh8 Qc5+ 40.
Ka4 b5+ 41. cxb5 Qd4+ 42. Kxa5 Qxh8 43. a4 Qa8+ 44. Kb4 Qxd5 45. b6 Qd4+ 46.
Kb5 Qc5+ 47. Ka6 Kc6 48. a5 Qb5+ 49. Ka7 Qxa5+ 50. Kb8 Qxb6+ 51. Kc8 Qc7# 0-1

[Event "NAYCC U10"]
[Site "Montreal CAN"]
[Date "2010.08.18"]
[Round "5"]
[White "Wang, Eric"]
[Black "Bellissimo, Joseph"]
[Result "0-1"]
[WhiteElo "933"]
[BlackElo "1747"]
[PlyCount "174"]
[EventDate "2010.08.16"]
[EventType "swiss"]
[EventRounds "7"]
[EventCountry "CAN"]

1. d4 Nf6 2. c4 e6 3. Nf3 d5 4. Nc3 c6 5. Bg5 Nbd7 6. h3 Be7 7. e3 O-O 8. Bd3
Re8 9. Qc2 h6 10. Bf4 dxc4 11. Bxc4 Nd5 12. Bh2 N7f6 13. Nxd5 exd5 14. Bd3 Bb4+
15. Ke2 Bd6 16. Bxd6 Qxd6 17. Rhe1 Ne4 18. Kf1 Qf6 19. Bxe4 dxe4 20. Nh2 Qd6
21. Kg1 Qg6 22. Kf1 Bf5 23. Qe2 h5 24. Rac1 Be6 25. b3 Rad8 26. Rc5 Rd5 27.
Rec1 Red8 28. b4 Rxc5 29. Rxc5 Rd5 30. a4 Rxc5 31. bxc5 Bb3 32. a5 Ba4 33. Kg1
Bb5 34. Qd1 Qg5 35. Nf1 g6 36. f4 Qd5 37. Nd2 Bd3 38. Qb3 Qxb3 39. Nxb3 Kf8 40.
Kf2 Ke7 41. Nc1 Bc4 42. Ne2 Ke6 43. g4 hxg4 44. hxg4 Bd3 45. Nc3 f5 46. g5 Bc4
47. Ke1 Kd7 48. Kd2 Kc7 49. Kc2 b6 50. cxb6+ axb6 51. axb6+ Kxb6 52. Kb2 Ka5
53. Ka3 Bd5 54. Na4 Kb5 55. Nc5 Kc4 56. Kb2 Kb4 57. Kc2 Ka3 58. Kc3 Ka2 59. Kc2
Bc4 60. Kc3 Bd5 61. Kc2 Ka3 62. Kc3 Ba2 63. Kc2 Kb4 64. Kb2 Bd5 65. Kc2 Kc4 66.
Kb2 Bf7 67. Kc2 Be8 68. Kb2 Bf7 69. Kc2 Kb4 70. Kb2 Bg8 71. Kc2 Bc4 72. Kd2 Bf1
73. Kc2 Kc4 74. Kd2 Bh3 75. Kc2 Bg4 76. Kd2 Kb4 77. Kc2 Ka3 78. Kc1 Bf3 79. Kc2
Be2 80. Kd2 Bf3 81. Kc1 Kb4 82. Kc2 Be2 83. Kd2 Bb5 84. Kc2 Ba4+ 85. Nxa4 Kxa4
86. Kb2 Kb4 87. Kc2 Kc4 0-1